000 00370nam a2200145Ia 4500
008 240624s9999 xx 000 0 und d
041 _aeng
082 _a658.401 RUN
100 _aRUNGACHARY KRISHNA
245 _aREADINGS IN BUSINESS POLICY AND PLANNING
260 _c1998
_aNew Delhi
_bAnmol Publication
300 _a382 : p. : cm. ; 22
365 _cRS
440 _v4
999 _c4040
_d4040